000 00540nam a2200229 a 4500
001 nice12345678
003 IN_TiNIC
005 20260116013439.0
008 050524s1963 newa grp 000 0 eng
020 _a
_c100
082 0 0 _a232.908
_bZAH
100 _aZahrnt, Heinz
245 _aHistorical Jesus
260 _aNew York
_bHarper and Row
_c1963
300 _a159p
500 _aincludes index and biblioraphy
505 2 _aIndex
650 _aJesus Christ-Historiocity
902 _bSRS
942 _cBK
999 _c11016
_d11016